Journey in the dark
Guardat en:
| Autor principal: | |
|---|---|
| Format: | Llibre |
| Idioma: | anglès |
| Publicat: |
Londres
Corgi Books
1973
|
| Matèries: | |
| Etiquetes: |
Afegir etiqueta
Sense etiquetes, Sigues el primer a etiquetar aquest registre!
|
MARC
| LEADER | 00000cam a2200000 a 4500 | ||
|---|---|---|---|
| 001 | UCF6280 | ||
| 003 | CL-VaPUC | ||
| 008 | 130418e19730000UK |||||||||||||||||eng|d | ||
| 020 | |a 0552091839 | ||
| 082 | 0 | 4 | |a 823 |b NOR |2 21 |
| 100 | 0 | |a Norway, Kate |e author |9 568289 | |
| 245 | 1 | 0 | |a Journey in the dark |
| 300 | |a 159 p | ||
| 942 | |c BK | ||
| 945 | |d 20130418 00:00:00 |a dcastane | ||
| 260 | |a Londres |b Corgi Books |c 1973 | ||
| 650 | 0 | |a Novelas inglesas |9 265220 | |
| 650 | 0 | |a Literatura inglesa |9 312907 | |
| 583 | |a last modification |c 20130418 10:21:00 |k Rodrigo Vera | ||
| 999 | |c 351552 |d 351550 | ||
| 952 | |0 0 |1 0 |4 0 |6 823_000000000000000_NOR_1973 |7 0 |8 A |9 455733 |a BIBEDU |b BIBEDU |d 2019-11-22 |i 494741K |o 823 NOR 1973 |p 494741K |r 2019-11-22 |w 2019-11-22 |y BK |k LIT | ||